[Event "POR Cup 44th"]
[Site "Sao Joao da Madeira"]
[Date "2023.07.15"]
[Round "1.1"]
[White "Bernardo, Daniel Madureira"]
[Black "Santos, Jose Pereira"]
[Result "0-1"]
[WhiteElo "2021"]
[BlackElo "2272"]
[PlyCount "86"]
[EventDate "2023.07.15"]
[EventType "team-swiss"]
[EventRounds "2"]
[EventCountry "POR"]
[SourceTitle "CBM 215 Extra"]
[Source "ChessBase"]
[SourceDate "2023.09.30"]
[SourceVersion "1"]
[SourceVersionDate "2023.09.30"]
[SourceQuality "1"]
[WhiteTeam "Colegio Portugues"]
[BlackTeam "Alekhine"]
[WhiteTeamCountry "POR"]
[BlackTeamCountry "POR"]

1. d4 Nf6 2. Bf4 d5 3. e3 g6 4. c4 Bg7 5. Nc3 c5 6. cxd5 Nxd5 7. Bxb8 Rxb8 8. Bb5+ Bd7 9. Qb3 Nxc3 10. bxc3 cxd4 11. Bxd7+ Qxd7 12. cxd4 0-0 13. Nf3 b5 14. 0-0 a5 15. Rfc1 Rfc8 16. Ng5 e5 17. dxe5 Bxe5 18. Rab1 b4 19. g3 Rc3 20. Qd1 Qxd1+ 21. Rxd1 Rc2 22. Rd5 Bc7 23. Ra1 Rd8 24. Rxd8+ Bxd8 25. Nf3 Bf6 26. Ne1 Rc3 27. a4 Ra3 28. Rb1 Rxa4 29. Nc2 Bc3 30. Kg2 Ra2 31. Nd4 a4 32. Nb5 Bd2 33. Kf3 b3 34. Nd4 Bc3 35. Nb5 Be5 36. Ke4 Bf6 37. f4 b2 38. Kd3 Ra1 39. Kc2 a3 40. Nd4 Bxd4 41. exd4 Kf8 42. g4 Ke7 43. h4 Kd6 0-1

[Event "Famalicao op 6th"]
[Site "Famalicao"]
[Date "2018.08.01"]
[Round "5"]
[White "Nagy, Gabor"]
[Black "Bernardo, Daniel Madureira"]
[Result "1-0"]
[WhiteElo "2474"]
[BlackElo "2043"]
[PlyCount "101"]
[EventDate "2018.07.29"]
[EventType "swiss"]
[EventRounds "9"]
[EventCountry "POR"]
[SourceTitle "CBM 185 Extra"]
[Source "ChessBase"]
[SourceDate "2018.07.29"]
[SourceVersion "1"]
[SourceVersionDate "2018.07.29"]
[SourceQuality "1"]

1. c4 Nf6 2. Nc3 e6 3. e4 c5 4. e5 Ng8 5. Nf3 Nc6 6. d4 cxd4 7. Nxd4 Nxe5 8. Ndb5 a6 9. Nd6+ Bxd6 10. Qxd6 f6 11. Be3 Ne7 12. Bb6 Nf5 13. Bxd8 Nxd6 14. Bc7 Ke7 15. c5 Ne8 16. Bb6 d5 17. cxd6+ Kf7 18. 0-0-0 Bd7 19. f4 Nc6 20. Bc4 f5 21. Na4 Nf6 22. Nc5 Rhc8 23. Bc7 b5 24. Be2 Nb4 25. Nxd7 Nxd7 26. Bf3 Ra7 27. Kb1 Nf6 28. d7 Nxd7 29. Rxd7+ Ke8 30. Rd4 Raxc7 31. Rxb4 Rc4 32. Rxc4 Rxc4 33. g3 Ke7 34. Re1 Rd4 35. Kc2 h6 36. Kc3 Rd6 37. Rd1 Rb6 38. Kb4 g5 39. Ka5 Rb8 40. Kxa6 gxf4 41. gxf4 Rc8 42. Rd2 Rc4 43. Kxb5 Rxf4 44. Bc6 e5 45. a4 e4 46. a5 Rf3 47. b4 Ra3 48. Re2 e3 49. Kb6 Kd6 50. b5 f4 51. a6 1-0

[Event "Famalicao op 6th"]
[Site "Famalicao"]
[Date "2018.07.31"]
[Round "4"]
[White "Bernardo, Daniel Madureira"]
[Black "Branco, Joao Carlos Fernand"]
[Result "1-0"]
[WhiteElo "2043"]
[BlackElo "1706"]
[PlyCount "91"]
[EventDate "2018.07.29"]
[EventType "swiss"]
[EventRounds "9"]
[EventCountry "POR"]
[SourceTitle "CBM 185 Extra"]
[Source "ChessBase"]
[SourceDate "2018.07.29"]
[SourceVersion "1"]
[SourceVersionDate "2018.07.29"]
[SourceQuality "1"]

1. Nf3 Nf6 2. b3 d5 3. Bb2 e6 4. e3 Be7 5. d4 0-0 6. Nbd2 Nbd7 7. Bd3 b6 8. c4 c6 9. Rc1 Bb7 10. Bb1 Rc8 11. h4 dxc4 12. Nxc4 c5 13. dxc5 Nxc5 14. Bxf6 Qxd1+ 15. Rxd1 Bxf6 16. Nd6 Bc3+ 17. Ke2 Ba6+ 18. Nc4 Rfd8 19. Rxd8+ Rxd8 20. Rc1 Bf6 21. g4 Bb7 22. g5 Be7 23. Nd4 Ne4 24. Bxe4 Bxe4 25. Nd2 Bd5 26. Rc7 Bc5 27. Rxa7 f6 28. gxf6 gxf6 29. Nb5 Bc6 30. a4 Bb4 31. Nc4 Rd5 32. Rc7 Bxb5 33. axb5 Rxb5 34. Rc6 Kf7 35. Rxb6 Rxb6 36. Nxb6 Kg6 37. Kf3 Bd6 38. Nc4 Bc7 39. b4 Kh5 40. b5 Kxh4 41. b6 Bb8 42. Kg2 Kg5 43. Na5 f5 44. Nc6 Bd6 45. b7 e5 46. f3 1-0

[Event "POR-ch U20"]
[Site "Luso"]
[Date "2016.07.21"]
[Round "3"]
[White "Bernardo, Daniel Madureira"]
[Black "Oliveira, Tomas Honorio"]
[Result "1-0"]
[WhiteElo "2019"]
[BlackElo "1589"]
[PlyCount "95"]
[EventDate "2016.07.20"]
[EventType "swiss"]
[EventRounds "7"]
[EventCountry "POR"]
[SourceTitle "EXT 2018"]
[Source "ChessBase"]
[SourceDate "2017.10.13"]
[SourceVersion "1"]
[SourceVersionDate "2017.10.13"]
[SourceQuality "1"]

1. e4 e6 2. Nf3 d5 3. c3 Nf6 4. e5 Nfd7 5. b4 b6 6. d4 c5 7. bxc5 bxc5 8. Bd3 Qb6 9. a4 a5 10. Na3 Ba6 11. Rb1 Qd8 12. Bxa6 Nxa6 13. 0-0 cxd4 14. cxd4 Rb8 15. Rxb8 Qxb8 16. Nb5 Nb4 17. Bg5 Nb6 18. Qe2 h6 19. Bd2 Nc4 20. Rc1 Be7 21. g4 Kd7 22. Ne1 Rc8 23. Bxb4 Bxb4 24. Nd3 Bf8 25. Rb1 Qa8 26. Qf3 Ke8 27. Qf4 Na3 28. Rb3 Nxb5 29. Rxb5 Rb8 30. Qd2 Rxb5 31. axb5 Qa7 32. Qb2 Qb6 33. Nc5 Bxc5 34. dxc5 Qxc5 35. b6 Qc8 36. b7 Qb8 37. Qb5+ Kd8 38. Qb6+ Ke8 39. Qc6+ Ke7 40. Qd6+ Qxd6 41. exd6+ Kxd6 42. b8Q+ Kc5 43. Kf1 f6 44. f4 a4 45. Ke2 Kc4 46. Qc7+ Kb3 47. Kd3 a3 48. Qb6+ 1-0

[Event "Gaia Profigaia op 8th"]
[Site "Vila Nova de Gaia"]
[Date "2015.07.03"]
[Round "8"]
[White "Leao, Tiago Miguel da S"]
[Black "Bernardo, Daniel Madureira"]
[Result "0-1"]
[WhiteElo "1941"]
[BlackElo "1949"]
[PlyCount "114"]
[EventDate "2015.06.27"]
[EventType "swiss"]
[EventRounds "9"]
[EventCountry "POR"]
[SourceTitle "EXT 2018"]
[Source "ChessBase"]
[SourceDate "2017.10.13"]
[SourceVersion "1"]
[SourceVersionDate "2017.10.13"]
[SourceQuality "1"]

1. e4 c6 2. d4 d5 3. exd5 cxd5 4. Bd3 Nf6 5. c3 Nc6 6. Bf4 Bg4 7. Qb3 Qc8 8. Nd2 e6 9. Ngf3 Be7 10. 0-0 0-0 11. Ne5 Bh5 12. Rfe1 Nxe5 13. dxe5 Nd7 14. Qc2 Bg6 15. Bxg6 hxg6 16. Nf3 Re8 17. Rad1 b5 18. Qe2 a6 19. Ng5 Nf8 20. Qg4 Bxg5 21. Bxg5 Nh7 22. Rd4 Nxg5 23. Qxg5 Qd8 24. Qg4 Rc8 25. h4 Rc4 26. Re3 Rxd4 27. cxd4 Kh7 28. Rg3 Qc7 29. h5 Qc1+ 30. Kh2 Qh6 31. Rh3 g5 32. Ra3 g6 33. Rh3 Kg7 34. hxg6 Qxg6 35. Qh5 Qxh5 36. Rxh5 Kg6 37. Rh3 Rc8 38. Ra3 Rc4 39. Rxa6 Rxd4 40. Rb6 Rb4 41. b3 Kf5 42. Rb7 Kxe5 43. Rxf7 Re4 44. Rb7 Re2 45. Kg3 Rxa2 46. Rxb5 Kd4 47. Rb4+ Kc3 48. Rg4 d4 49. Kf3 d3 50. Rc4+ Kxb3 51. Rd4 Kc3 52. Rd7 Re2 53. Rc7+ Kd2 54. Ra7 Re5 55. Ra1 Kc2 56. Ra2+ Kb3 57. Rd2 Kc3 0-1

[Event "Gaia Profigaia op 8th"]
[Site "Vila Nova de Gaia"]
[Date "2015.06.30"]
[Round "6"]
[White "Silva, Mariana Sofia Teixe"]
[Black "Bernardo, Daniel Madureira"]
[Result "1-0"]
[WhiteElo "1733"]
[BlackElo "1949"]
[PlyCount "133"]
[EventDate "2015.06.27"]
[EventType "swiss"]
[EventRounds "9"]
[EventCountry "POR"]
[SourceTitle "EXT 2018"]
[Source "ChessBase"]
[SourceDate "2017.10.13"]
[SourceVersion "1"]
[SourceVersionDate "2017.10.13"]
[SourceQuality "1"]

1. e4 c6 2. Ne2 d5 3. e5 d4 4. b4 Bf5 5. d3 a5 6. Bb2 e6 7. Nxd4 Bxb4+ 8. Nd2 Bc5 9. Nxf5 exf5 10. Nb3 Ba7 11. a4 b5 12. axb5 a4 13. Nd2 Nh6 14. Be2 cxb5 15. Bf3 Qb6 16. 0-0 Nc6 17. d4 0-0 18. c4 Rad8 19. c5 Qc7 20. Bxc6 Qxc6 21. Qc2 f6 22. Rfe1 fxe5 23. Rxe5 Bb8 24. Re7 Qf6 25. Rae1 Rf7 26. Re8+ Rxe8 27. Rxe8+ Rf8 28. d5 Bxh2+ 29. Kh1 Be5 30. Rxe5 Ng4 31. Nf3 Nxe5 32. Bxe5 Qf7 33. d6 a3 34. Qc3 a2 35. c6 Ra8 36. Qa1 Qd5 37. c7 b4 38. Bxg7 Qxd6 39. Be5 Qc5 40. Qd1 Re8 41. Qb3+ Kf8 42. Qxa2 Rxe5 43. Nxe5 Qxc7 44. Qa8+ Ke7 45. Nd3 Qd7 46. Qa6 Qd4 47. Qb7+ Kf6 48. Qc6+ Kg7 49. Qf3 Kg6 50. Nf4+ Kf6 51. Nh3 Qa1+ 52. Kh2 Qe5+ 53. g3 Qd4 54. Qc6+ Kg7 55. Qe6 Qc5 56. Kg2 Kf8 57. Ng5 Kg7 58. Qf7+ Kh6 59. Qf6+ Kh5 60. Nf3 f4 61. Qh4+ Kg6 62. Qxf4 Qc3 63. Ne5+ Kg7 64. Qg5+ Kf8 65. Qf6+ Kg8 66. Qf7+ Kh8 67. Qf8# 1-0

[Event "Coimbra Queima das Fitas op"]
[Site "Coimbra"]
[Date "2015.05.01"]
[Round "2"]
[White "Dias, Ricardo Pedro Cruz"]
[Black "Bernardo, Daniel Madureira"]
[Result "1/2-1/2"]
[WhiteElo "1731"]
[BlackElo "1886"]
[PlyCount "99"]
[EventDate "2015.04.30"]
[EventType "swiss"]
[EventRounds "7"]
[EventCountry "POR"]
[SourceTitle "EXT 2018"]
[Source "ChessBase"]
[SourceDate "2017.10.13"]
[SourceVersion "1"]
[SourceVersionDate "2017.10.13"]
[SourceQuality "1"]

1. e4 e6 2. d4 b6 3. Bd3 Bb7 4. Nf3 Ne7 5. 0-0 g6 6. e5 Bg7 7. Qe2 Nf5 8. Nc3 Nc6 9. d5 Ncd4 10. Nxd4 Nxd4 11. Qe3 Nf5 12. Bxf5 exf5 13. d6 0-0 14. dxc7 Qxc7 15. f4 Rfe8 16. Qd3 Qc6 17. Rf2 d6 18. Be3 dxe5 19. Rd1 e4 20. Qd7 Bxc3 21. Qxc6 Bxc6 22. bxc3 Red8 23. Rfd2 Rxd2 24. Rxd2 Kf8 25. c4 Ke8 26. c5 bxc5 27. Bxc5 a6 28. Kf2 Rc8 29. Bb4 Bb5 30. Ke3 f6 31. c3 Rc4 32. Rd5 Bd7 33. Rc5 Be6 34. Rxc4 Bxc4 35. a4 a5 36. Bxa5 Bb3 37. Kd4 Kd7 38. c4 Bxa4 39. Bd2 Kd6 40. Bb4+ Ke6 41. Bd2 Bc6 42. g3 h5 43. h4 Ba4 44. Be3 Be8 45. Bd2 Bf7 46. Bc1 Kd7 47. Bd2 Be6 48. Bc1 Ke7 49. Ba3+ Kd7 50. Bc1 1/2-1/2

[Event "POR-chT Districts U20"]
[Site "Luso"]
[Date "2014.07.20"]
[Round "1.1"]
[White "Bernardo, Daniel Madureira"]
[Black "Branco, Joana Catarina Cost"]
[Result "1-0"]
[WhiteElo "1732"]
[BlackElo "1580"]
[PlyCount "41"]
[EventDate "2014.07.20"]
[EventType "team-k.o."]
[EventRounds "2"]
[EventCountry "POR"]
[SourceTitle "EXT 2018"]
[Source "ChessBase"]
[SourceDate "2017.10.13"]
[SourceVersion "1"]
[SourceVersionDate "2017.10.13"]
[SourceQuality "1"]
[WhiteTeam "Aveiro"]
[BlackTeam "Coimbra"]
[WhiteTeamCountry "POR"]
[BlackTeamCountry "POR"]

1. e4 c5 2. Nf3 Nc6 3. Bc4 g6 4. h4 Nf6 5. e5 Nh5 6. g4 Ng7 7. h5 d5 8. exd6 exd6 9. hxg6 fxg6 10. d4 d5 11. Bd3 Qe7+ 12. Be3 Qf7 13. Ng5 Qf6 14. dxc5 Ne5 15. Bb5+ Ke7 16. Qxd5 h6 17. Ne4 Nf3+ 18. Kf1 Qe6 19. Nbc3 Ne8 20. Rd1 Nc7 21. Qd8+ 1-0